000 01655nam0a2200313 4500
001 RU\NLR\BIBL_A\012455433
005 20260408075130.0
035 _a(NLR Aleph) 012455433
090 _a11996510
_c11996510
100 _a20110630d1929 |||y0rusy50 ca
101 0 _aukr
102 _aRU
105 _aa i |||||
200 1 _aКонтрольні цифри української промисловости на 1929-30 рік
_e[до другої Сесії ВУЦВК XI скликання
_fПрезидія ВРНГ УСРР]
210 _a[Харків]
_cВРНГ УСРР
_d1929
_gДержтрест Харполіграф, 2 друкарня ім. В. Блакитного
215 _a91, [7] с.
_cтабл.
_d25
300 _aВ конце предисл. автор: К. Сухомлин
541 1 _aКонтрольные цифры украинськой промышленности на 1929-30 год
_eко второй Сессии ВУЦИК XI созыва
_zrus
606 1 _aПромышленность
_jДокументы и материалы
_yУкраина
_92161691
_3RU\NLR\AUTH\661300902
686 3 _aУ30(2Ук)
686 3 _aУ03(2Ук)714,011
702 1 _aСухомлин
_bК. В.
_gКирилл Васильевич
_4080
710 0 1 _7ca
_8ukr
_aУРСР
_bВища рада народного господарства
_bПрезидiя
_9735770
_3RU\NLR\AUTH\880536408
711 0 1 _8ukr
_aУСРР
_bЗ`ïзд рад
_d11
_f1929
_3RU\NLR\AUTH\8810218658
_9322882
801 0 _aRU
_bNLR
_gpsbo
852 _aNLR
_j97/1107
942 _cBOOK
980 _aNB